000 00852nam a2200277 a 4500
001 000039305
003 DO-SdBNP
005 20220113095423.0
007 ta
008 130621s2012 dr 000 0 spa d
020 _a9789945410495
040 _aDO-SdBNP
_bspa
_cBNPHU
082 4 _222
_a808.51
_bH465o
100 1 _aHeidelman, Julio Alberto
_91169
245 1 0 _aOratoria contemporánea :
_bdisfrute hablando en público /
_cJulio Alberto Heidelman.
260 _aSanto Domingo :
_bLetra Gráfica,
_c2012.
300 _a151 p. ;
_c24 cm.
500 _aIncluye datos biográficos del autor en la solapa de la cubierta
504 _aBibliografía : p. 151
590 _aInventariado, 2022 / DG
650 _aArte de hablar en público
_919091
650 _aORATORIA
_91172
650 _aRetórica
_96217
910 _aD/G
942 _2ddc
_cLBS1
999 _c38795
_d38795